| 000 | 01585nac a22003611u 4500 | ||
|---|---|---|---|
| 999 |
_c8426 _d8426 |
||
| 003 | EG-ScBUE | ||
| 005 | 20200128130546.0 | ||
| 008 | 200128t2007 flua f b 001 0 eng d | ||
| 020 | _a9781420053210 (alk. paper) | ||
| 020 | _a1420053213 (alk. paper) | ||
| 035 | _a(OCoLC)ocm76937371 | ||
| 035 | _a(OCoLC)76937371 | ||
| 040 |
_aEG-ScBUE _beng _erda _cEG-ScBUE _dEG-ScBUE |
||
| 082 | 0 | 4 |
_a620.37 _bVIB _222 |
| 245 | 0 | 0 |
_aVibration damping, control and design / _cedited by Clarence W. de Silva, The University of British Columbia, Vancouver, Canada. |
| 264 | 1 |
_aBoca Raton : _bCRC Press, Taylor and Francis Group, _c[2007] |
|
| 264 | 4 | _cc 2007 | |
| 300 |
_a1 volume (various pagings) : _billustrations ; _c27 cm. |
||
| 336 |
_2rdacontent _atext _btxt |
||
| 337 |
_2rdamedia _aunmediated _bn |
||
| 338 |
_2rdacarrier _avolume _bnc |
||
| 490 | 0 | _aMechanical engineering series | |
| 504 | _aIncludes bibliographical references and index. | ||
| 520 | _aComprising chapters from "Vibration and Shock Handbook", this book presents the techniques, tools, and data necessary to monitor, reduce, control, and prevent mechanical vibrations, noise, and acoustics. | ||
| 650 | 7 |
_aVibration. _2BUEsh |
|
| 650 | 7 |
_aDamping (Mechanics) _2BUEsh _912082 |
|
| 653 |
_bGGEN _cJanuary2020 |
||
| 655 | _vReading book | ||
| 700 | 1 |
_aDe Silva, Clarence W, _eeditor. _929428 |
|
| 856 | 4 | 1 |
_3Table of contents only _uhttp://www.loc.gov/catdir/toc/ecip076/2006100169.html |
| 856 | 4 | 1 |
_3Publisher description _uhttp://www.loc.gov/catdir/enhancements/fy0626/2006100169-d.html |
| 942 |
_cBB _k620.37 VIB _2ddc |
||